UEFA Champions League Final Goalscorers - Statistics

General Stats
  • This quiz has been taken 15,676 times
    1,175 since last reset
  • The average score is 49 of 87
Answer Stats
Year Player For Against % Correct
2017 Cristiano Ronaldo Real Madrid Juventus
97%
2017 Cristiano Ronaldo Real Madrid Juventus
97%
2014 Cristiano Ronaldo Real Madrid Atletico Madrid
97%
2008 Cristiano Ronaldo Manchester Utd Chelsea
97%
2011 Lionel Messi Barcelona Manchester Utd
95%
2009 Lionel Messi Barcelona Manchester Utd
95%
2019 Mohamed Salah Liverpool Tottenham
93%
2018 Gareth Bale Real Madrid Liverpool
91%
2018 Gareth Bale Real Madrid Liverpool
91%
2014 Gareth Bale Real Madrid Atletico Madrid
91%
2024 Vinicius Junior Real Madrid Borussia Dortmund
91%
2022 Vinicius Junior Real Madrid Liverpool
91%
2018 Karim Benzema Real Madrid Liverpool
90%
2015 Neymar Barcelona Juventus
89%
2015 Luis Suarez Barcelona Juventus
86%
2016 Sergio Ramos Real Madrid Atletico Madrid
86%
2014 Sergio Ramos Real Madrid Atletico Madrid
86%
2018 Sadio Mane Liverpool Real Madrid
85%
2025 Desire Doue Paris Saint-Germain Inter Milan
84%
2025 Desire Doue Paris Saint-Germain Inter Milan
84%
2012 Didier Drogba Chelsea Bayern Munich
84%
2023 Rodri Manchester City Inter Milan
83%
2021 Kai Havertz Chelsea Manchester City
81%
2013 Arjen Robben Bayern Munich Borussia Dortmund
78%
2020 Kingsley Coman Bayern Munich Paris Saint-Germain
75%
2005 Steven Gerrard Liverpool AC Milan
74%
2025 Achraf Hakimi Paris Saint-Germain Inter Milan
73%
2011 Wayne Rooney Manchester Utd Barcelona
72%
2017 Mario Mandzukic Juventus Real Madrid
71%
2013 Mario Mandzukic Bayern Munich Borussia Dortmund
71%
2002 Zinedine Zidane Real Madrid Bayer Leverkusen
70%
2024 Dani Carvajal Real Madrid Borussia Dortmund
69%
2009 Samuel Eto'o Barcelona Manchester Utd
69%
2006 Samuel Eto'o Barcelona Arsenal
69%
2012 Thomas Muller Bayern Munich Chelsea
69%
2008 Frank Lampard Chelsea Manchester Utd
66%
2025 Khvicha Kvaratskhelia Paris Saint Germain Inter Milan
66%
2011 David Villa Barcelona Manchester Utd
64%
2019 Divock Origi Liverpool Tottenham
63%
2010 Diego Milito Inter Milan Bayern Munich
62%
2010 Diego Milito Inter Milan Bayern Munich
62%
2017 Casemiro Real Madrid Juventus
61%
2015 Ivan Rakitic Barcelona Juventus
60%
2014 Marcelo Real Madrid Atletico Madrid
57%
2005 Paolo Maldini AC Milan Liverpool
57%
2011 Pedro Barcelona Manchester Utd
57%
2005 Xabi Alonso Liverpool AC Milan
57%
2007 Filippo Inzaghi AC Milan Liverpool
56%
2007 Filippo Inzaghi AC Milan Liverpool
56%
2002 Raul Real Madrid Bayer Leverkusen
54%
2000 Raul Real Madrid Valencia
54%
2014 Diego Godin Atletico Madrid Real Madrid
53%
2017 Marco Asensio Real Madrid Juventus
50%
2025 Senny Mayulu Paris Saint Germain Inter Milan
50%
2015 Alvaro Morata Juventus Barcelona
49%
2013 Ilkay Gundogan Borussia Dortmund Bayern Munich
49%
2005 Hernan Crespo AC Milan Liverpool
48%
2005 Hernan Crespo AC Milan Liverpool
48%
1999 Ole Gunnar Solskjaer Manchester United Bayern Munich
47%
2004 Deco Porto AS Monaco
46%
2006 Sol Campbell Arsenal Barcelona
40%
2016 Yannick Carrasco Atletico Madrid Real Madrid
40%
1999 Teddy Sheringham Manchester United Bayern Munich
37%
1997 Alessandro Del Piero Juventus Borussia Dortmund
35%
2007 Dirk Kuyt Liverpool AC Milan
35%
2005 Vladimir Smicer Liverpool AC Milan
32%
2006 Juliano Belletti Barcelona Arsenal
31%
2000 Fernando Morientes Real Madrid Valencia
29%
1995 Patrick Kluivert Ajax AC Milan
29%
2002 Lucio Bayer Leverkusen Real Madrid
20%
2000 Steve McManaman Real Madrid Valencia
20%
2001 Stefan Effenberg Bayern Munich Valencia
17%
2001 Gaizka Mendieta Valencia Bayern Munich
16%
1996 Jari Litmanen Ajax Juventus
16%
1997 Lars Ricken Borussia Dortmund Juventus
16%
1994 Marcel Desailly AC Milan Barcelona
16%
1993 Basile Boli Olympique de Marseille AC Milan
14%
1998 Predrag Mijatovic Real Madrid Juventus
14%
2004 Carlos Alberto Porto AS Monaco
13%
1999 Mario Basler Bayern Munich Manchester United
13%
2004 Dmitri Alenichev Porto AS Monaco
10%
1994 Daniele Massaro AC Milan Barcelona
9%
1994 Daniele Massaro AC Milan Barcelona
9%
1994 Dejan Savicevic AC Milan Barcelona
9%
1997 Karl-Heinze Riedle Borussia Dortmund Juventus
9%
1997 Karl-Heinze Riedle Borussia Dortmund Juventus
9%
1996 Fabrizio Ravanelli Juventus Ajax
8%
No matching quizzes found
Score Distribution
Percent of People with Each Score
Percentile by Number Answered
Your Score History
You have not taken this quiz since the last reset